Histoire, realite et destin dun monopole : La banque de Paris et des pays - bas et son groupe (1872- 1968)
Uloženo v:
| Hlavní autor: | |
|---|---|
| Médium: | Kniha |
| Jazyk: | Undetermined |
| Vydáno: |
Paris
Editions Sociales
1969
|
| Tagy: |
Přidat tag
Žádné tagy, Buďte první, kdo otaguje tento záznam!
|
| Thư viện lưu trữ: | Trung tâm Học liệu Trường Đại học Cần Thơ |
|---|
| LEADER | 00521nam a2200181Ia 4500 | ||
|---|---|---|---|
| 001 | CTU_86984 | ||
| 008 | 210402s9999 xx 000 0 und d | ||
| 082 | |a 944 | ||
| 082 | |b C615 | ||
| 100 | |a Claude, Henri | ||
| 245 | 0 | |a Histoire, realite et destin dun monopole : | |
| 245 | 0 | |b La banque de Paris et des pays - bas et son groupe (1872- 1968) | |
| 245 | 0 | |c henri Claude | |
| 260 | |a Paris | ||
| 260 | |b Editions Sociales | ||
| 260 | |c 1969 | ||
| 904 | |i Truc | ||
| 980 | |a Trung tâm Học liệu Trường Đại học Cần Thơ | ||